Datum a čas kvízu
42
Celkem bodů
Celkový počet nahraných bodů na tomto kvízu bez doplňovacích otázek.
1.
Pořadí na kvízu
Konečné umístění týmu na tomto kvízu.
Zaznamenané odpovědi
| # | Otázka | Odpověď | Body | Výsledky |
|---|---|---|---|---|
| 1. | Minulý týden roztálo sněhové p... | Mapa republiky | 1 | |
| 2. | Spojené státy americké v úterý... | Světová zdravotnická organizace (WHO) | 1 | |
| 3. | Minulý týden oslavil osmdesáté... | Ringo Starr | 1 | |
| 4. | Ve středu oslavil jeden význam... | Ryanair | 1 | |
| 5. | Stáj Renault minulý týden ohlá... | Fernando Alonso | 1 | |
| 6. | Různé návykové látky jsou užív... | pelyněk (pravý) | 1 | |
| 7. | Užívání tabákových výrobků je... | polevím z vysokejch otáček | 1 | |
| 8. | Konopí se odpradávna používá j... | kanabinoidy | 1 | |
| 9. | Opium se získává z nezralých m... | latex | 0 | |
| 10. | Kokain je získáván z listů tro... | D | 1 |